000 00299nam a22001337a 4500
008 170527b xxu||||| |||| 00| 0 eng d
020 _a0444868984
041 _aeng
080 _a007
100 _a27
101 _aIM
245 _aCYBERNETICS AND SYSTEMS RESEARCH 2
_cTRAPPL, R
942 _2udc
_cBK
999 _c14699
_d14699